000 01259nam a2200205Ia 4500
003 Ost
005 20260507075804.0
008 260507s9999||||xx |||||||||||||| ||und||
040 _cfsecg
041 _aara
100 _aأبو زيد، حامد الدسوقي
_eمؤلف
245 0 _aإدارة البنوك (ك20) الجزء الأول /
_c حامد الدسوقي أبو زيد
260 _aالقاهرة:
_bمطبعة مركز التعليم المفتوح,
_c(د.ت)
300 _a273 صفحة؛
_bإيضاحات ؛
_c24 سم
504 _aمراجع ص.270
520 _aالبنوك والتنمية الاقتصادية و الاجتماعية في مصر، هيكل الجهاز المصرفي المصري،الانشطة الرئيسية للبنوك التجارية، الانشطة الرئيسية للبنوك غير التجارية، الودائع المقدمة في السوق المصري المصرفي، التسهيلات الانتمائية المقدمة في السوق المصري المصرفي، عملاء الخدمة الانتمائية، استثمارات البنوك في السوق المصرفي المصري
653 _aالبنوك
653 _aالتنمية الاقتصادية
942 _cكتاب
999 _c46374
_d46374